Ideas: speaking and listening activities for upper-intermediate students. Teacher's book

Gardado en:
Detalles Bibliográficos
Autor Principal: Jones, Leo (Author)
Formato: Libro
Idioma:inglés
Publicado: Cambridge Cambridge University 1984
Edición:1a. ed
Series:Cambridge First Certificate
Subjects:
Tags: Engadir etiqueta
Sen Etiquetas, Sexa o primeiro en etiquetar este rexistro!

MARC

LEADER 00000nam a2200000 a 4500
001 UCK0470
003 CL-VaPUC
008 041008e19840000UK |||||||||||||||||eng|d
020 |a 0521270812 
082 0 4 |a 428.07  |b JON  |2 21 
100 0 |a Jones, Leo  |e author  |9 488444 
245 1 0 |a Ideas: speaking and listening activities for upper-intermediate students. Teacher's book 
250 |a 1a. ed 
300 |a 138 p 
942 |c BK 
945 |d 20041008 00:00:00  |a cmena 
260 |a Cambridge  |b Cambridge University  |c 1984 
650 0 |a Educación lingüística  |9 306506 
650 0 |a Enseñanza del inglés  |9 367340 
650 0 |a Métodos de enseñanza  |9 270413 
583 |a last modification  |c 20130316 10:30:56  |k Rodrigo Vera 
490 0 |a Cambridge First Certificate 
999 |c 310907  |d 310905 
952 |0 0  |1 0  |4 0  |6 428_070000000000000_JON_1984  |7 0  |8 A  |9 379957  |a BIBEDU  |b BIBEDU  |d 2019-11-21  |i 4067746  |o 428.07 JON 1984  |p 4067746  |r 2019-11-21  |w 2019-11-21  |y BK  |k LIT